Documentos del Vaticano II: constituciones, decretos, declaraciones
Guardat en:
| Format: | Llibre |
|---|---|
| Idioma: | espanyol |
| Publicat: |
Madrid
Biblioteca de Autores Cristianos
1979
|
| Edició: | 34a. ed |
| Matèries: | |
| Etiquetes: |
Afegir etiqueta
Sense etiquetes, Sigues el primer a etiquetar aquest registre!
|
MARC
| LEADER | 00000nam a2200000 a 4500 | ||
|---|---|---|---|
| 001 | UCL4227 | ||
| 003 | CL-VaPUC | ||
| 008 | 040109e19790000SP |||||||||||||||||spa|d | ||
| 020 | |a 8422000105 | ||
| 082 | 0 | 4 | |a 262.91 |b DOC |2 21 |
| 245 | 1 | 0 | |a Documentos del Vaticano II: constituciones, decretos, declaraciones |
| 250 | |a 34a. ed | ||
| 300 | |a 723 p | ||
| 942 | |c BK | ||
| 945 | |d 20040109 00:00:00 |a vberengu | ||
| 260 | |a Madrid |b Biblioteca de Autores Cristianos |c 1979 | ||
| 650 | 0 | |a Documentos pontificios |9 255642 | |
| 583 | |a last modification |c 20040109 00:00:00 |k Rodrigo Vera | ||
| 999 | |c 307109 |d 307107 | ||
| 952 | |0 0 |1 2 |4 0 |6 262_910000000000000_DOC_1979 |7 0 |8 A |9 372697 |a BIBTEO |b BIBTEO |d 2019-11-21 |i 209987K |o 262.91 DOC 1979 |p 209987K |r 2019-11-21 |w 2019-11-21 |y BK |k ICR | ||
| 952 | |0 0 |1 0 |4 0 |6 262_910000000000000_DOC_1979 |7 0 |8 A |9 372698 |a BIBTEO |b BIBTEO |d 2019-11-21 |i 2099861 |o 262.91 DOC 1979 |p 2099861 |r 2025-01-17 |w 2019-11-21 |y BK |k ICR | ||